000 00894nam a2200253Ia 4500
008 220216s9999 xx 000 0 und d
100 _aMeenattoor J.R.
245 0 _aGenotype x Environment interactions in Hevea in diverse agro climatic conditions in India: Preliminary growth results
260 _bIn: Plantation tree crops in the new millennium: The way ahead. V 1.: International Planters' Conference, 17-20 May 2000. (Ed. E. Pushparajah). The Incorporated Society of Planters, Kuala Lumpur, Malaysia, pp. 183-195.
_c2000
650 _aBark thickness
650 _aClone
650 _aG x E interaction
650 _aGirth
700 _aBrahmam M.
700 _aGupta C.K.
700 _aLicy J.
700 _aMeenakumari T.
700 _aMeti S.
700 _aNair R.B.
700 _aSaraswathyamma C.K.
700 _aSasikumar B.
700 _aSoman T.A.
942 _cBS
999 _c52671
_d52671